Municipal and rural sanitation (Record no. 12109)

000 -LEADER
fixed length control field 00625nam a22002171 4500
001 - CONTROL NUMBER
control field 12109
003 - CONTROL NUMBER IDENTIFIER
control field BD-DhUET
008 - FIXED-LENGTH DATA ELEMENTS--GENERAL INFORMATION
fixed length control field 720914s1965 nyua b 000 0 eng
040 ## - CATALOGING SOURCE
Original cataloging agency DLC
Transcribing agency DLC
Modifying agency BD-DhUET
082 ## - DEWEY DECIMAL CLASSIFICATION NUMBER
Classification number 628
Item number EHL/1965
100 ## - MAIN ENTRY--PERSONAL NAME
Personal name Ehlers, Victor M.
245 10 - TITLE STATEMENT
Title Municipal and rural sanitation
250 ## - EDITION STATEMENT
Edition statement 6th ed.
260 ## - PUBLICATION, DISTRIBUTION, ETC. (IMPRINT)
Place of publication, distribution, etc. New Delhi
Name of publisher, distributor, etc. Tata McGraw-Hill
Date of publication, distribution, etc. 1965
300 ## - PHYSICAL DESCRIPTION
Extent xiv, 663 p.
Other physical details ill.
Dimensions 24 cm.
490 0# - SERIES STATEMENT
Series statement McGraw-Hill series in sanitary science and water resources engineering
504 ## - BIBLIOGRAPHY, ETC. NOTE
Bibliography, etc Includes bibliographies
650 #0 - SUBJECT ADDED ENTRY--TOPICAL TERM
Topical term or geographic name as entry element Sanitary engineering
700 ## - ADDED ENTRY--PERSONAL NAME
Personal name Steel, Ernest W.
942 ## - ADDED ENTRY ELEMENTS (KOHA)
Koha item type General Book
Holdings
Source of classification or shelving scheme Damaged status Koha item type Piece designation (barcode) Date acquired Not for loan Shelving location Sublocation or collection (holding branch) Koha normalized classification for sorting Koha full call number Lost status Copy number Price effective from Location (home branch) Withdrawn status Koha date last seen
  General Book548232015-02-23 Circulation sectionCentral Library, BUET628_000000000000000_EHL_1965628/EHL/1965 12015-02-23Central Library, BUET 2015-02-23
  General Book573402015-05-06 Circulation sectionCentral Library, BUET628_000000000000000_EHL_1965628/EHL/1965 22015-05-06Central Library, BUET 2015-05-06
  General Book573412015-05-06 Circulation sectionCentral Library, BUET628_000000000000000_EHL_1965628/EHL/1965 32015-05-06Central Library, BUET 2015-05-06
  General Book427262015-05-07 Circulation sectionCentral Library, BUET628_000000000000000_EHL_1958628/EHL/1958 42015-05-07Central Library, BUET 2015-05-07
  General Book195152015-05-07 Circulation sectionCentral Library, BUET628_000000000000000_EHL_1965628/EHL/1965 52015-05-07Central Library, BUET 2015-05-07
  General Book207852015-05-07 Circulation sectionCentral Library, BUET628_000000000000000_EHL_1965628/EHL/1965 62015-05-07Central Library, BUET 2015-05-07
  General Book195142015-05-07 Circulation sectionCentral Library, BUET628_000000000000000_EHL_1965628/EHL/1965 72015-05-07Central Library, BUET 2015-05-07
  General Book258512015-05-07 Circulation sectionCentral Library, BUET628_000000000000000_EHL_1965628/EHL/1965 82015-05-07Central Library, BUET 2015-05-07
  General Book207842015-05-07 Circulation sectionCentral Library, BUET628_000000000000000_EHL_1965628/EHL/1965 92015-05-07Central Library, BUET 2015-05-07